UBT Library

The struggle for democracy / (Record no. 39779)

000 -LEADER
fixed length control field 00789cam a2200253 a 4500
001 - CONTROL NUMBER
control field 4508577
005 - DATE AND TIME OF LATEST TRANSACTION
control field 20180104092622.0
008 - FIXED-LENGTH DATA ELEMENTS--GENERAL INFORMATION
fixed length control field 981029s1999 nyuab bi 001 0 eng
010 ## - LIBRARY OF CONGRESS CONTROL NUMBER
LC control number 98043643
020 ## - INTERNATIONAL STANDARD BOOK NUMBER
International Standard Book Number 0321005430
035 ## - SYSTEM CONTROL NUMBER
System control number (DLC) 98043643
040 ## - CATALOGING SOURCE
Original cataloging agency DLC
Transcribing agency DLC
Modifying agency DLC
041 ## - LANGUAGE CODE
Language code of text/sound track or separate title eng
043 ## - GEOGRAPHIC AREA CODE
Geographic area code n-us---
080 ## - UNIVERSAL DECIMAL CLASSIFICATION NUMBER
Universal Decimal Classification number 320.473 EDW
082 00 - DEWEY DECIMAL CLASSIFICATION NUMBER
Classification number 320.473 EDW
Edition number 21
100 1# - Rafti
Rafti 18
101 ## - Shkurtesa
Shkurtesa POL
245 14 - TITLE STATEMENT
Title The struggle for democracy /
Statement of responsibility, etc Edward S. Greenberg, Benjamin I. Page.
504 ## - BIBLIOGRAPHY, ETC. NOTE
Bibliography, etc Includes bibliographical references and index.
906 ## - LOCAL DATA ELEMENT F, LDF (RLIN)
a 7
b cbc
c orignew
d 1
e ocip
f 19
g y-gencatlg
942 ## - ADDED ENTRY ELEMENTS (KOHA)
Source of classification or shelving scheme
Item type Books
Holdings
Withdrawn status Lost status Source of classification or shelving scheme Damaged status Not for loan Permanent location Current location Date acquired Total Checkouts Full call number Barcode Date last seen Price effective from Koha item type
          UBT - Lipjan UBT - Lipjan 01/04/2018   320.473 EDW 002-2994758 01/04/2018 01/04/2018 Books
UBT Library © 2015-2024. All rights reserved University Education for Business and Technology